Logistics Management For International Business,; Text and Cases (Record no. 4494)

MARC details
005 - DATE AND TIME OF LATEST TRANSACTION
control field 20250620091244.0
020 ## - INTERNATIONAL STANDARD BOOK NUMBER
International Standard Book Number 978-81-203-3792-3
082 ## - DEWEY DECIMAL CLASSIFICATION NUMBER
Classification number 658.7SUD
100 ## - MAIN ENTRY--PERSONAL NAME
Author name sUDALAIMUTHU. S
245 ## - TITLE STATEMENT
Title Logistics Management For International Business,; Text and Cases
250 ## - EDITION STATEMENT
Edition statement eastern Economy Edition
260 ## - PUBLICATION, DISTRIBUTION, ETC.
Place of publication, distribution, etc. New Delhi,
Name of publisher, distributor, etc. Asoke K. Ghosh,
Date of publication, distribution, etc. 2014.
300 ## - PHYSICAL DESCRIPTION
Extent xx,; 380p,; ill, table, figure, picture
Other physical details Index,
Dimensions 23cm
700 ## - ADDED ENTRY--PERSONAL NAME
Other authors/Editors Anthony. Raj. S
942 ## - ADDED ENTRY ELEMENTS (KOHA)
Source of classification or shelving scheme Dewey Decimal Classification
Koha item type Books
Holdings
Date last seen Total checkouts Full call number Barcode Cost, replacement price Price effective from Koha item type Lost status Source of classification or shelving scheme Damaged status Not for loan Withdrawn status Home library Current library Shelving location Date acquired Cost, normal purchase price
06/20/2025   658.7SUD DOM0003710 75000.00 06/20/2025 Books   Dewey Decimal Classification       CBE Dodoma CBE Dodoma Special Reserve Collection 07/24/2017 25000.00